• 首页
  • 本馆介绍
  • 公告通知
  • 最新文献
  • 馆藏检索
  • 电子资源
  • 读者导购
  • 参考咨询
  • 我的图书馆
  • 登录
  • 详细信息显示
  • 放入我的书架
  • 预约/预借图书
  • 作者相关作品
  • 分类相关作品
  • 丛书相关作品
  • 出版社相关作品

书目信息

  • 表格格式
  • 工作单格式
  • 卡片格式
题名:
黑鸽子
    
 
作者: 池莉 著
分册:  
出版信息: 济南   明天出版社  1997
页数: 325页
开本: 20cm
丛书名: 金犀牛丛书
单 册:
中图分类: I287.45 , I247.5
科图分类:
主题词: 儿童文学--长篇小说--中国--现代 , 中国 , 长篇小说
电子资源:
ISBN: 7-5332-2746-8
000 00690oam2 2200265 450
001 1558034270
005 20150123160100.64
010    @a7-5332-2746-8@dCNY16.90
100    @a19980522d1997 cdmy0chiy0110 ea
101 0  @achi
102    @aCN@b370000
105    @af z 000ay
200 1  @a黑鸽子@9hei ge zi@f池莉著
210    @a济南@c明天出版社@d1997
215    @a325页@c彩图@d20cm
225 2  @a金犀牛丛书
461  0 @12001 @a金犀牛丛书
606 0  @a儿童文学@x长篇小说@y中国@z现代
606 0  @x中国
606 0  @a长篇小说
690    @aI287.45@v5
690    @aI247.5@v4
701  0 @a池莉@9chi li@c(女,@f1957~)@4著
801  0 @aCN@bTSSF@c20150123
905    @aZUCC@dI247.5@eJY361
    
    黑鸽子/池莉著.-济南:明天出版社,1997
    325页:彩图;20cm.-(金犀牛丛书)
    
    
    ISBN 7-5332-2746-8:CNY16.90
    
●
相关链接 在E读中查询图书 在五车中查询图书 在当当中查询图书 在豆瓣中查询图书


正题名:黑鸽子     索取号:I247.5/JY361         预约/预借

序号 登录号 条形码 馆藏地/架位号 状态 备注
1 7840612   278406128   学院路分馆/ [索取号:I247.5/JY361] 在馆    
2 7840613   278406137   学院路分馆/ [索取号:I247.5/JY361] 在馆    
3 7840614   278406146   学院路分馆/ [索取号:I247.5/JY361] 在馆    
4 7840615   278406155   学院路分馆/ [索取号:I247.5/JY361] 在馆    
唐山师范学院图书馆 欢迎您!
大连网信软件有限公司© 版权所有